|
|
|
|
| LEADER |
01980nam a2200325 a 4500 |
| 001 |
12765786 |
| 008 |
120926s2002 nyu b 001 0 eng d |
| 010 |
|
|
|a 2002071331
|
| 020 |
|
|
|a 0471394831 (pbk : alk. paper)
|
| 040 |
|
|
|a DLC
|c DLC
|d DLC
|d BD-DhAAL
|
| 082 |
0 |
0 |
|a 571.29
|2 21
|
| 100 |
1 |
|
|a Moat, Albert G.
|
| 245 |
1 |
0 |
|a Microbial physiology /
|c Albert G. Moat, John W. Foster, Michael P. Spector.
|
| 250 |
|
|
|a 4th ed.
|
| 260 |
|
|
|a New York :
|b Wiley-Liss,
|c c2002.
|
| 300 |
|
|
|a xx, 715 p. :
|b ill. ;
|c 26 cm.
|
| 504 |
|
|
|a Includes bibliographical references and index.
|
| 541 |
|
|
|a 00025938
|
| 650 |
|
0 |
|a Microorganisms
|x Physiology.
|
| 700 |
1 |
|
|a Foster, John Watkins.
|
| 700 |
1 |
|
|a Spector, Michael P.
|
| 852 |
1 |
|
|a Ayesha Abed Library
|j General shelf
|
| 942 |
0 |
0 |
|0 1
|
| 999 |
|
|
|c 12852
|d 12852
|
| 952 |
|
|
|0 0
|1 0
|4 0
|6 571_290000000000000_MOA
|7 0
|9 21158
|a BRACUL
|b BRACUL
|c GEN
|d 2012-09-26
|e Karim International
|g 1380.00
|l 10
|m 62
|o 571.29 MOA
|p 3010025938
|r 2024-12-02
|s 2024-11-03
|t 1
|w 2012-09-26
|y BK
|
| 952 |
|
|
|0 0
|1 0
|2 ddc
|4 0
|6 571_290000000000000_MOA
|7 0
|9 21758
|a BRACUL
|b BRACUL
|c GEN
|d 2012-12-31
|e Karim International
|g 915.00
|l 3
|m 13
|o 571.29 MOA
|p 3010026421
|r 2026-01-27
|s 2025-12-14
|t 2
|w 2012-12-31
|y BK
|
| 952 |
|
|
|0 0
|1 0
|2 ddc
|4 0
|6 571_290000000000000_MOA
|7 0
|9 21759
|a BRACUL
|b BRACUL
|c GEN
|d 2012-12-31
|e Karim International
|g 915.00
|l 2
|m 12
|o 571.29 MOA
|p 3010026422
|r 2024-12-23
|s 2024-11-03
|t 3
|w 2012-12-31
|y BK
|
| 952 |
|
|
|0 0
|1 0
|2 ddc
|4 0
|6 571_290000000000000_MOA
|7 0
|9 21760
|a BRACUL
|b BRACUL
|c GEN
|d 2012-12-31
|e Karim International
|g 915.00
|l 7
|m 57
|o 571.29 MOA
|p 3010026423
|r 2024-04-01
|s 2024-03-16
|t 4
|w 2012-12-31
|y BK
|
| 952 |
|
|
|0 0
|1 0
|2 ddc
|4 0
|6 571_290000000000000_MOA
|7 0
|9 21761
|a BRACUL
|b BRACUL
|c GEN
|d 2012-12-31
|e Karim International
|g 915.00
|l 6
|m 52
|o 571.29 MOA
|p 3010026424
|r 2026-02-25
|s 2026-02-23
|t 5
|w 2012-12-31
|y BK
|
| 952 |
|
|
|0 0
|1 0
|2 ddc
|4 0
|6 571_290000000000000_MOA
|7 0
|9 21762
|a BRACUL
|b BRACUL
|c GEN
|d 2012-12-31
|e Karim International
|g 915.00
|l 2
|o 571.29 MOA
|p 3010026425
|r 2024-11-03
|s 2024-10-27
|t 6
|w 2012-12-31
|y BK
|